000 00638nam a2200265Ia 4500
005 20260121172735.0
008 008 260114s9999 xx 000 0 eng d
020 _a9789811634246
037 _aEBOOK
040 _aCRL
040 _beng
040 _cCRL
041 _2eng
041 _aeng
084 _qCRL
100 _aMaguni Charan Behera
_91092153
245 0 _aTribe-British Relations in India
260 _bSpringer
260 _bSpringer
260 _c2021
856 _uhttps://link.springer.com/openurl?genre=book&isbn=978-981-16-3424-6
942 _cEBOOK
999 _c1657893
_d1657893